Operations research: applications and algorithms (Record no. 486389)

000 -LEADER
fixed length control field 00549 a2200169 4500
020 ## - INTERNATIONAL STANDARD BOOK NUMBER
International Standard Book Number 0534423620
020 ## - INTERNATIONAL STANDARD BOOK NUMBER
International Standard Book Number 0534380581
040 ## - CATALOGING SOURCE
Original cataloging agency DLC
Language of cataloging DLC
100 1# - MAIN ENTRY--PERSONAL NAME
Personal name Winston, Wayne L.
245 10 - TITLE STATEMENT
Title Operations research: applications and algorithms
Remainder of title applications and algorithms
Statement of responsibility, etc. Winston, Wayne L.
250 ## - EDITION STATEMENT
Edition statement 4th ed.
260 ## - PUBLICATION, DISTRIBUTION, ETC.
Place of publication, distribution, etc. Australia ;
-- Belmont, CA :
Name of publisher, distributor, etc. Thomson Brooks/Cole,
Date of publication, distribution, etc. c2004.
300 ## - PHYSICAL DESCRIPTION
Extent xvi, 1418 p. :
Other physical details ill. ;
Dimensions 26 cm. +
Accompanying material 1 CD-ROM (4 3/4 in.)
650 #0 - SUBJECT ADDED ENTRY--TOPICAL TERM
Topical term or geographic name entry element Operations research.
700 1# - ADDED ENTRY--PERSONAL NAME
Personal name Goldberg, Jeffrey B.
942 ## - ADDED ENTRY ELEMENTS (KOHA)
Koha item type Book
Source of classification or shelving scheme
Holdings
Withdrawn status Lost status Source of classification or shelving scheme Damaged status Not for loan Permanent Location Current Location Date acquired Total Checkouts Barcode Date last seen Price effective from Koha item type
          School of Civil and Environmental Engineering (SCEE) School of Civil and Environmental Engineering (SCEE) 11/20/2019   NIT-12328 11/20/2019 11/20/2019 Book
© 2023 Central Library, National University of Sciences and Technology. All Rights Reserved.